000 00828nas a2200265 4500
001 BR0302391
003 BR-BrBNA
005 20231205103800.0
007 ta
008 230509b bl.|||p| |||| 00| 00por d
040 _aBR-BrBNA
_bpor
_cBiblioteca Nacional de Agricultura
041 _a(Pt)
072 _aN20; F04
100 1 _aCerri, D.G.P.
100 1 _aBalastreire, L.A.
245 1 _aDesenvolvimento de um sistema de aplicação localizada de calcário a taxas variáveis
650 _aAGRICULTURA DE PRECISÃO
650 _aMÉTODO DE APLICAÇÃO
650 _aCALCÁRIO
650 _aPROTÓTIPO
650 _aMÁQUINA AGRÍCOLA
773 0 _tEngenharia Agrícola (Brazil)
_xISSN 0100-6916
_g(Jan-Abr 2003), v. 23(1) p. 122-128
_wBR0302391
909 _a202311
_bLúcia
_c55
_dLúcia Elande
942 _2AGRIS
_n0
_cANA
999 _c174707
_d174707